000 00937nam a22002057a 4500
999 _c34819
_d34819
003 OSt
005 20240528193739.0
008 150408b xxu||||| |||| 00| 0 eng d
040 _cBMC
_aBMC
082 _a658.8068
100 1 _948325
_aSánchez Calderón, Katherine Irene
245 1 0 _aPasantía de asistente administrativa en Hostal Casa Verde Santa Ana
_b: informe final
_cKatherine Irene Sánchez Calderón
260 _aSanta Ana (El Salvador)
_bUniversidad Católica de El Salvador
_c2024
300 _a1 v. (pág. var.)
_c28 cm
_e+ 1 disco compacto
500 _aPrecede al tít.: Universidad Católica de El Salvador, Facultad de Ciencias Empresariales
502 _aTrabajo de graduación para optar al grado académico de Licenciatura en Gestión y Desarrollo Turistico
650 2 4 _98652
_aGestión de marketing
710 2 _91067
_aUniversidad Católica de El Salvador
_bFacultad de Ciencias Empresariales
942 _2ddc
_cTG